00427nam a2200157Ia 450000500170000000800410001704000190005804100120007708200160008924500530010526000330015830000110019165000330020270000240023585000100025920230227110529.0131103s9999 xx 000 0 und d aLoreto College aEnglish a821.08bMOU 4aThe Best poems of 1934cSelected by Thomas Moult aLondonbJonathan Cape c1934 a124p.  aEnglish poetry - Collections aMoult, Thomas; com. aLCLIB